| Tag |
First Indicator |
Second Indicator |
Subfields |
| LEADER |
00000cam a22000008a 4500 |
| 001 |
in00000412721 |
| 005 |
20151012050720.0 |
| 008 |
850702s1985 enka b 00110 eng |
| 010 |
|
|
|a 85015721
|
| 020 |
|
|
|a 0043522343 (pbk. : alk. paper)
|
| 035 |
|
|
|a (OCoLC)12285945
|
| 035 |
|
|
|9 ABT1026AM
|
| 039 |
0 |
|
|a 2
|b 3
|c 3
|d 3
|e 3
|
| 040 |
|
|
|a DLC
|c DLC
|d TXA
|d UtOrBLW
|
| 043 |
|
|
|a e-uk---
|
| 049 |
|
|
|a TXAM
|c [A09152322]
|
| 050 |
0 |
0 |
|a JS3137
|b .J66 1985
|
| 082 |
0 |
|
|a 352.041
|2 19
|
| 100 |
1 |
|
|a Jones, G. W.
|q (George William)
|
| 245 |
1 |
4 |
|a The case for local government /
|c George Jones and John Stewart.
|
| 250 |
|
|
|a 2nd ed.
|
| 264 |
|
1 |
|a London ;
|a Boston :
|b Allen & Unwin,
|c 1985.
|
| 300 |
|
|
|a vi, 164 pages :
|b illustrations ;
|c 22 cm.
|
| 336 |
|
|
|a text
|b txt
|2 rdacontent
|
| 337 |
|
|
|a unmediated
|b n
|2 rdamedia
|
| 338 |
|
|
|a volume
|b nc
|2 rdacarrier
|
| 490 |
1 |
|
|a Local government briefings ;
|v 1
|
| 500 |
|
|
|a Includes index.
|
| 504 |
|
|
|a Bibliography: pages [159]-160.
|
| 650 |
|
0 |
|a Local government
|z Great Britain.
|
| 650 |
|
0 |
|a Decentralization in government
|z Great Britain.
|
| 700 |
1 |
|
|a Stewart, John,
|d 1929 March 19-
|
| 830 |
|
0 |
|a Local government briefings ;
|v 1.
|
| 999 |
|
|
|a MARS
|
| 999 |
f |
f |
|s 0dbe1306-4f3b-3d91-9671-a01ff026710c
|i 7b0a1c32-760b-3e8e-a84b-b8e40365b4b8
|t 0
|
| 952 |
f |
f |
|p ric
|a Texas A&M University
|b Rellis Campus
|c Joint Library Facility
|d Remote Storage
|t 0
|e JS3137 .J66 1985
|h Library of Congress classification
|i unmediated -- volume
|m A14809152322
|
| 998 |
f |
f |
|a JS3137 .J66 1985
|t 0
|l Remote Storage
|